| 000 | 00590nam a2200205 a 4500 | ||
|---|---|---|---|
| 001 | 0755 | ||
| 005 | 20140414131858.0 | ||
| 008 | 040929s19uu xx 00 eng d | ||
| 020 | _a971-529-019-1 | ||
| 050 |
_aFIL _bB31 1999 |
||
| 100 | _aRivera, Jr., Augie D. | ||
| 245 |
_aAng bata sa basket / _cby Augie D. Rivera Jr. ; illustrated by Ibarra Crisostomo. |
||
| 260 |
_aPhilippines : _bUNICEF, _c1999. |
||
| 300 | _ap. : ill. ; cm. | ||
| 440 | _aUNICEF | ||
| 500 | _aIncludes: Rights of the child | ||
| 650 | _aChildren stories. | ||
| 650 | _aFilipino stories. | ||
| 999 |
_c110538 _d110538 |
||